Statistics for Moana's Shiny - Jermaine Clement (All Lyrics)

Click here to take the quiz!

General Stats

  • This quiz has been taken 36 times
    (33 since last reset)
  • The average score is 268 of 345

Answer Stats

Lyrics% Correct
I
100%
shiny
100%
Shiny
100%
a
91%
Be
91%
be
91%
can
91%
crab
91%
I'm
91%
Like
91%
like
91%
Little
91%
little
91%
look
91%
on
91%
once
91%
so
91%
To
91%
to
91%
well
91%
Well
91%
as
86%
hook
86%
it
86%
it?
86%
know
86%
Maui
86%
the
86%
too
86%
was
86%
who
86%
Who
86%
You
86%
you
86%
your
86%
Your
86%
are
82%
Because
82%
But
82%
but
82%
can't
82%
demi
82%
Did
82%
don't
82%
Don't
82%
free
82%
get
82%
Get
82%
god
82%
happy
82%
having
82%
heart
82%
his
82%
in
82%
inside
82%
make
82%
man
82%
My
82%
my
82%
neck
82%
never
82%
pirate
82%
say
82%
semi
82%
sunken
82%
swing
82%
trouble
82%
used
82%
wealthy
82%
with
82%
woman's
82%
wreck
82%
always
77%
and
77%
And
77%
baby
77%
beautiful
77%
been
77%
clam
77%
deck
77%
drab
77%
dumb
77%
fish
77%
Fish
77%
food
77%
hide
77%
is
77%
it's
77%
just
77%
Just
77%
listen
77%
love
77%
me
77%
Now
77%
performance
77%
seafood
77%
sec
77%
tear
77%
terrible
77%
this
77%
treasure
77%
What
77%
will
77%
apart
73%
art
73%
enough
73%
For
73%
for
73%
from
73%
granny
73%
her
73%
I'd
73%
lied
73%
Maui's
73%
mini
73%
myself
73%
of
73%
rather
73%
Scrub
73%
Tamatoa
73%
that
73%
they
73%
They
73%
time
73%
work
73%
aching
68%
anything
68%
argument
68%
beat
68%
beginners
68%
chase
68%
diamond
68%
die
68%
dinners
68%
expect
68%
glitters
68%
hasn't
68%
Hiney
68%
I'll
68%
made
68%
nice
68%
not
68%
Oh
68%
outside
68%
quite
68%
rough
68%
tough
68%
try
68%
cause
64%
come
64%
decapod
64%
hard
64%
humans
64%
kick
64%
la
64%
mon
64%
sparkle
64%
Strut
64%
stuff
64%
take
64%
three
64%
were
64%
wish
64%
words
64%
You'll
64%
you'll
64%
ami
59%
armies
59%
armour's
59%
credit
59%
ever
59%
Ever
59%
feel
59%
give
59%
glam
59%
have
59%
here
59%
see
59%
shell's
59%
start
59%
tattoos
59%
these
59%
wanted
59%
abandoned
55%
brightest
55%
C'est
55%
Chasing
55%
eat
55%
Far
55%
Mmm
55%
ones
55%
Ouch!
55%
they'll
55%
thing
55%
tried
55%
vie
55%
Watch
55%
could
50%
final
50%
last
50%
need
50%
plea
50%
prepare
50%
seen
50%
someone
50%
Send
45%
Soak
45%
Yet
45%
dazzle
41%

Score Distribution

Percentile by Number Answered

Percent of People with Each Score

Your Score History

You have not taken this quiz since the last reset